Memorias de un piloto de caza, 1936-1939 (Record no. 89259)

MARC details
000 -LEADER
campo de control de longitud fija 00480nam a2200145 i 4500
001 - NÚMERO DE CONTROL
campo de control 89259
003 - IDENTIFICADOR DE NÚMERO DE CONTROL
campo de control ES-MaACL
007 - CAMPO FIJO DE DESCRIPCIÓN FÍSICA--INFORMACIÓN GENERAL
campo de control de longitud fija t|
008 - DATOS DE LONGITUD FIJA--INFORMACIÓN GENERAL
campo de control de longitud fija 050105s1966 sp ||||1| spa d
100 1# - ENTRADA PRINCIPAL--NOMBRE DE PERSONA
Nombre de persona Larios, José
Títulos y otros términos asociados al nombre Marqués de.
9 (RLIN) 70261
245 10 - MENCIÓN DEL TÍTULO
Título Memorias de un piloto de caza, 1936-1939
Resto del título : combate sobre España /
Mención de responsabilidad, etc. por... José Larios, Marqués de Larios.
260 ## - PUBLICACIÓN, DISTRIBUCIÓN, ETC.
Lugar de publicación, distribución, etc. Madrid :
Nombre del editor, distribuidor, etc. [s.n.,
Fecha de publicación, distribución, etc. 1966] (
Fabricante Aldus)
300 ## - DESCRIPCIÓN FÍSICA
Extensión 399 p., 48 lám. ;
Dimensiones 22 cm.
852 ## - LOCALIZACIÓN
Ubicación ES-MaACL
Número de control de estantería G-5087
Sublocalización o colección R.61961
Holdings
Estatus retirado Estado de pérdida Estado de daño No para préstamo Biblioteca de origen Biblioteca actual Ubicación en estantería Fecha de adquisición Fuente de adquisición Total de préstamos Signatura topográfica completa Código de barras Visto por última vez Precio de reemplazo Tipo de ítem Koha
        Biblioteca del Ateneo de Madrid Biblioteca del Ateneo de Madrid Depósito 2 17/01/2008     G-5087 1093221 23/02/2023 23/02/2023 Libro impreso